Daring to dream / (Record no. 331083)

000 -LEADER
fixed length control field 01883cam a2200325 a 4500
001 - CONTROL NUMBER
control field 17183922
003 - CONTROL NUMBER IDENTIFIER
control field NUST
005 - DATE AND TIME OF LATEST TRANSACTION
control field 20170911120653.0
008 - FIXED-LENGTH DATA ELEMENTS--GENERAL INFORMATION
fixed length control field 120227r20121996nyu 000 1 eng
010 ## - LIBRARY OF CONGRESS CONTROL NUMBER
LC control number 2012005209
020 ## - INTERNATIONAL STANDARD BOOK NUMBER
International Standard Book Number 9780425260906 (pbk.)
040 ## - CATALOGING SOURCE
Original cataloging agency DLC
Transcribing agency DLC
042 ## - AUTHENTICATION CODE
Authentication code pcc
043 ## - GEOGRAPHIC AREA CODE
Geographic area code n-us-ca
050 00 - LIBRARY OF CONGRESS CALL NUMBER
Classification number PS3568.O243
Item number D37 2012
082 00 - DEWEY DECIMAL CLASSIFICATION NUMBER
Classification number 813.54
Author Mark ROB
084 ## - OTHER CLASSIFICATION NUMBER
Classification number FIC027000
Number source bisacsh
100 1# - MAIN ENTRY--PERSONAL NAME
Personal name Roberts, Nora.
9 (RLIN) 4521
245 10 - TITLE STATEMENT
Title Daring to dream /
Statement of responsibility, etc. Nora Roberts.
260 ## - PUBLICATION, DISTRIBUTION, ETC.
Place of publication, distribution, etc. New York :
Name of publisher, distributor, etc. Jove Books,
Date of publication, distribution, etc. 2012.
300 ## - PHYSICAL DESCRIPTION
Extent 389 p. ;
Dimensions 21 cm.
490 0# - SERIES STATEMENT
Series statement Dream trilogy
520 ## - SUMMARY, ETC.
Summary, etc. "Margo, Kate and Laura were brought up like sisters amidst the peerless grandeur of Templeton House. But it was Margo whose dreams first took her far away . . . Margo Sullivan had everything a young woman could ask for. But while growing up along the rocky cliffs of Monterey, she couldn't help but dream of bigger things. The daughter of the Templetons' stern Irish housekeeper, Margo had been treated like a member of the family. Deep down, she knew that money could not buy the thing she craved most--her mother's acceptance. Maybe things would be different if she could be sweet like Laura, or had Kate's shrewd head for business. But all Margo knew how to do was be Margo, and that meant doing things her own way--no matter what the consequences . . "--
Assigning source Provided by publisher.
650 #0 - SUBJECT ADDED ENTRY--TOPICAL TERM
Topical term or geographic name entry element Friendship
Form subdivision Fiction.
9 (RLIN) 4522
650 #7 - SUBJECT ADDED ENTRY--TOPICAL TERM
Topical term or geographic name entry element FICTION / Romance / General.
Source of heading or term bisacsh
9 (RLIN) 4523
651 #0 - SUBJECT ADDED ENTRY--GEOGRAPHIC NAME
Geographic name Monterey (Calif.)
Form subdivision Fiction.
9 (RLIN) 4524
655 #0 - INDEX TERM--GENRE/FORM
Genre/form data or focus term Domestic fiction.
9 (RLIN) 4525
655 #7 - INDEX TERM--GENRE/FORM
Genre/form data or focus term Love stories.
Source of term gsafd
9 (RLIN) 418
906 ## - LOCAL DATA ELEMENT F, LDF (RLIN)
a 7
b cbc
c orignew
d 1
e ecip
f 20
g y-gencatlg
942 ## - ADDED ENTRY ELEMENTS (KOHA)
Source of classification or shelving scheme
Koha item type Book
Holdings
Withdrawn status Lost status Source of classification or shelving scheme Damaged status Not for loan Permanent Location Current Location Shelving location Date acquired Total Checkouts Total Renewals Full call number Barcode Date last seen Date last checked out Copy number Price effective from Koha item type
          Central Library (CL) Central Library (CL) Fiction 09/11/2017 4 1 813.54 ROB CL1019 09/16/2023 06/03/2023 1 09/11/2017 Book
© 2023 Central Library, National University of Sciences and Technology. All Rights Reserved.